Inventions

Bibliographic Details
Main Author: Chris Soon
Corporate Author: Title
Format: Book
Published: Selangor : Penerbit Ilmumas , 2006
Series:Informative science on
Subjects:

MARC

LEADER 00000cam a2200000 7i4500
001 0000005939
005 20151222.0
008 070813
020 |a 9833293204(set) 
020 |a 9833293247 
090 0 0 |a SC   |b ENG 
100 0 |a Chris Soon 
245 1 0 |a Inventions   |c Chris Soon 
260 |a Selangor :   |b Penerbit Ilmumas ,   |c 2006 
440 |a Informative science on 
500 |a Children ages 10-12 years old (pink) 
650 0 |a Junior fiction   |x English   |x Languages 
650 0 |a Science 
710 0 |a Title 
999 |a 0000981859   |b Book   |c Children Collection   |e Perbadanan Perpustakaan Awam Johor 
999 |a 0000981860   |b Book   |c Children Collection   |e Cawangan Muar 
999 |a 0000981861   |b Book   |c Children Collection   |e Perbadanan Perpustakaan Awam Johor